<?xml version="1.0" encoding="UTF-8"?>
<record
    xmlns:xsi="http://www.w3.org/2001/XMLSchema-instance"
    xsi:schemaLocation="http://www.loc.gov/MARC21/slim http://www.loc.gov/standards/marcxml/schema/MARC21slim.xsd"
    xmlns="http://www.loc.gov/MARC21/slim">

  <leader>00537nam a22001817a 4500</leader>
  <controlfield tag="005">20240920140215.0</controlfield>
  <controlfield tag="008">240918b        |||||||| |||| 00| 0 eng d</controlfield>
  <datafield tag="020" ind1=" " ind2=" ">
    <subfield code="a">978-93-88280-76-1</subfield>
  </datafield>
  <datafield tag="041" ind1=" " ind2=" ">
    <subfield code="a">eng</subfield>
  </datafield>
  <datafield tag="082" ind1=" " ind2=" ">
    <subfield code="a">615.1</subfield>
  </datafield>
  <datafield tag="100" ind1=" " ind2=" ">
    <subfield code="a">JAIN, DR. BRIJENDRA BRAJMOHAN &amp; KUMAR, DR. NILESH AND NAYAK, DR. ARABINDA</subfield>
    <subfield code="9">8533</subfield>
  </datafield>
  <datafield tag="245" ind1=" " ind2=" ">
    <subfield code="a">PHARMACOLOGY - I [B.PHARMA, 4TH SEMESTER ]</subfield>
  </datafield>
  <datafield tag="250" ind1=" " ind2=" ">
    <subfield code="a">2ND. RE-PRINT ED.  2023 </subfield>
  </datafield>
  <datafield tag="260" ind1=" " ind2=" ">
    <subfield code="a">LUCKNOW </subfield>
    <subfield code="b">THAKUR PUBLICATION PVT.LTD </subfield>
  </datafield>
  <datafield tag="300" ind1=" " ind2=" ">
    <subfield code="a">296;P</subfield>
  </datafield>
  <datafield tag="650" ind1=" " ind2=" ">
    <subfield code="a">PHARMACY</subfield>
    <subfield code="x">B.PHARMA</subfield>
  </datafield>
  <datafield tag="942" ind1=" " ind2=" ">
    <subfield code="c">BK</subfield>
  </datafield>
  <datafield tag="999" ind1=" " ind2=" ">
    <subfield code="c">8662</subfield>
    <subfield code="d">8660</subfield>
  </datafield>
  <datafield tag="952" ind1=" " ind2=" ">
    <subfield code="0">0</subfield>
    <subfield code="1">0</subfield>
    <subfield code="4">0</subfield>
    <subfield code="7">0</subfield>
    <subfield code="8">PHARMACY</subfield>
    <subfield code="a">JRU</subfield>
    <subfield code="b">JRU</subfield>
    <subfield code="c">SHELF-3-D</subfield>
    <subfield code="d">2024-09-13</subfield>
    <subfield code="e">PURCHASE</subfield>
    <subfield code="g">260.00</subfield>
    <subfield code="h">NEW ARRIVALS SHELF</subfield>
    <subfield code="l">0</subfield>
    <subfield code="o">615.1</subfield>
    <subfield code="p">28472</subfield>
    <subfield code="r">2024-09-18 15:40:10</subfield>
    <subfield code="w">2024-09-13</subfield>
    <subfield code="y">BK</subfield>
  </datafield>
  <datafield tag="952" ind1=" " ind2=" ">
    <subfield code="0">0</subfield>
    <subfield code="1">0</subfield>
    <subfield code="4">0</subfield>
    <subfield code="7">0</subfield>
    <subfield code="8">PHARMACY</subfield>
    <subfield code="a">JRU</subfield>
    <subfield code="b">JRU</subfield>
    <subfield code="c">Shelf - 21- E</subfield>
    <subfield code="d">2024-09-13</subfield>
    <subfield code="e">PURCHASE</subfield>
    <subfield code="g">260.00</subfield>
    <subfield code="l">0</subfield>
    <subfield code="o">615.1</subfield>
    <subfield code="p">28473</subfield>
    <subfield code="r">2024-09-18 15:40:10</subfield>
    <subfield code="w">2024-09-13</subfield>
    <subfield code="y">BK</subfield>
  </datafield>
</record>
